El Partido de la Revolución institucionalizada : medio siglo de poder político en México : la formación del nuevo Estado : 1928-1945 /

محفوظ في:
التفاصيل البيبلوغرافية
المؤلف الرئيسي: Garrido, Luis Javier (autor)
التنسيق: كتاب
اللغة:الإسبانية
منشور في: México : Secretaría de Educación Pública : Siglo XXI, 1986, c1986
الوسوم: إضافة وسم
لا توجد وسوم, كن أول من يضع وسما على هذه التسجيلة!

MARC

LEADER 00000nam^a2200000^a^4500
001 000570172
005 20250521000000.0
009 20260310132223.412
020 |a 968-29-0686-5 
020 |a 968-23-1162-4 
037 |a Acervo ITESO - Biblioteca 
041 |a ESP 
091 |a FGM. 04023 
100 |a Garrido, Luis Javier  |e (autor) 
245 1 3 |a El Partido de la Revolución institucionalizada :  |b medio siglo de poder político en México : la formación del nuevo Estado : 1928-1945 / 
264 4 |a México :  |b Secretaría de Educación Pública :  |b Siglo XXI,  |c 1986, c1986 
300 |a 493 p. 
336 |a texto  |b txt  |2 rdacontenido 
337 |a sin mediación  |b n  |2 rdamedio 
338 |a volumen  |b nc  |2 rdasoporte 
649 |a XX 
910 |a Fondo Efraín González Morfín 
920 |a Impresos - Libros 
930 |a Fondos Especiales 
905 |a 130 
901 |a 0500394078  |b IT2  |c ESL  |i D90345  |u 20250521 
902 |a https://opac.biblio.iteso.mx/vufind/Record/000570172